000
00297nam a22001337a 4500
003
SGT
020
_a
978-93-92787-201
082
_a
621.38
_b
KUM
100
_a
KUMAR, NARESH
245
_a
DESIGN PATCH ANTENNA FOR BLUETOOTH
260
_a
INDIA
_b
S.S. PUB.
_c
2022
300
_a
74
942
_2
ddc
_c
BK
999
_c
24563
_d
24563